| 000 | 00383nam a2200157Ia 4500 | ||
|---|---|---|---|
| 100 | _aStarr/A.T | ||
| 650 | _aElectrical Engineering | ||
| 942 | _cBK | ||
| 654 | _aElectric Power | ||
| 245 | _aGeneration Transmission And Utilization Of Electrical Power | ||
| 260 |
_bSir Isaac Pitman _aLondon _c1937 |
||
| 082 |
_a621.3 _bSta |
||
| 300 | _a503 | ||
| 546 | _aENGLISH | ||
| 999 |
_c22016 _d22016 |
||